UBT Library

Pathophysiology the biologic basis for disease in adilts and children: (Record no. 2303)

000 -LEADER
fixed length control field 00351nam a22001217a 4500
008 - FIXED-LENGTH DATA ELEMENTS--GENERAL INFORMATION
fixed length control field 160520b xxu||||| |||| 00| 0 eng d
020 ## - INTERNATIONAL STANDARD BOOK NUMBER
International Standard Book Number 9780815194811
020 ## - INTERNATIONAL STANDARD BOOK NUMBER
International Standard Book Number 0815194811
041 ## - LANGUAGE CODE
Language code of text/sound track or separate title eng
080 ## - UNIVERSAL DECIMAL CLASSIFICATION NUMBER
Universal Decimal Classification number 616
245 ## - TITLE STATEMENT
Title Pathophysiology the biologic basis for disease in adilts and children:
Statement of responsibility, etc Kathryn L. McCance; Sue E. Huether;
942 ## - ADDED ENTRY ELEMENTS (KOHA)
Source of classification or shelving scheme
Item type Books
Holdings
Withdrawn status Lost status Source of classification or shelving scheme Damaged status Not for loan Collection code Permanent location Current location Shelving location Date acquired Total Checkouts Full call number Barcode Date last seen Price effective from Koha item type
          Koleksioni i përgjithshem UBT - Lipjan UBT - Lipjan Koleksioni i përgjithshem 05/20/2016   616 MCCA 002-035595 04/04/2017 05/20/2016 Books
UBT Library © 2015-2024. All rights reserved University Education for Business and Technology